01300nab a22002417a 4500003000400000005001700004008004100021040000700062100002100069245025800090260007300348300001200421500004500433505021900478505008900697650002900786650002000815650002500835650001300860650002100873650002200894773014200916OSt20251210153028.0190604e xxu||||| |||| 00| 0 spa d cPJ aBriña, Mariano13aLas hipotecas divisibles. Una realidad expectante. La res. conjunta 2/2025, del Ministerio de Economía y el Ministerio de Justicia, que reglamentó el régimen de hipotecas divisibles y la registración de boletos de compraventa /cMariano Briña. aCiudad Autónoma de Buenos Aires :bThomson Reuters La Ley, c2025. ap. 5-15 aCita Online: TR LALEY AR/DOC/2387/2025.  aSumario: I. Introducción.— II. Sobre el DNU 1017/2024 dictado por el PEN.— III. La res. conjunta 2/2025 del Ministerio de Economía y el Ministerio de Justicia de la Nación.— IV. Consideraciones finales. t¿Te interesa el texto completo? Solicitalo al correo: koha@justierradelfuego.gov.ar 0aCODIGO CIVIL Y COMERCIAL 0aDERECHOS REALES 0aPROPIEDAD HORIZONTAL 0aHIPOTECA 0aBIENES INMUEBLES 0aESCRITURA PUBLICA0 02714dCiudad Autónoma de Buenos Aires : Thomson Reuters La Ley, 2014-tRevista anales de legislación argentina. Nº 10- Octubre 2025.